[Event "V Festival Magistrale"]
[Site "Salsomaggiore Terme ITA"]
[Date "2001.05.??"]
[Round "5"]
[White "Giretti Kanev, Jasen"]
[Black "Falbo, Sandro"]
[Result "0-1"]
[WhiteElo "2190"]
[BlackElo "2166"]
[PlyCount "134"]
[EventDate "2001.05.18"]

1. Nf3 Nf6 2. g3 g6 3. Bg2 Bg7 4. O-O O-O 5. d3 d5 6. Nbd2 Nc6 7. d4 Ne4 8. c4
Nxd2 9. Nxd2 dxc4 10. e3 e5 11. d5 Na5 12. Qa4 c6 13. b4 c3 14. Nb1 Nc4 15.
dxc6 Nb6 16. Qc2 e4 17. Bxe4 bxc6 18. Bxc6 Bf5 19. e4 Bh3 20. Rd1 Qf6 21. b5
Rad8 22. Re1 Qf3 23. e5 Nd5 24. Qe4 Qxe4 25. Rxe4 Nb4 26. Nxc3 Nc2 27. Rb1 Bf5
28. Bg5 Rd3 29. Rb3 Nd4 30. Rxd4 Rxd4 31. Be3 Rd3 32. Bc5 Be6 33. Ra3 Bxe5 34.
Bxf8 Kxf8 35. Rxa7 Rxc3 36. h4 Rc2 37. Ra8+ Ke7 38. a4 Bd4 39. a5 Bxf2+ 40. Kg2
Bg4 41. Be4 Rb2 42. Bd3 Bd4+ 43. Kf1 Bh3+ 44. Ke1 Bc3+ 45. Kd1 Rd2+ 46. Kc1
Rxd3 47. b6 Be5 48. b7 Rb3 49. a6 Bg2 50. Rg8 Bxb7 51. axb7 Rxb7 52. h5 Bxg3
53. Rh8 gxh5 54. Rxh7 h4 55. Kd2 Ke6 56. Ke3 Rb3+ 57. Ke2 f5 58. Rh6+ Ke5 59.
Rh8 Kf4 60. Rc8 Rb2+ 61. Kd3 h3 62. Rc4+ Kg5 63. Rc1 h2 64. Ke3 Kg4 65. Rf1 Rg2
66. Rd1 Rg1 67. Rd4+ f4+ 0-1

[Event "V Festival Magistrale"]
[Site "Salsomaggiore Terme ITA"]
[Date "2001.05.??"]
[Round "5"]
[White "Malfagia, Andrea"]
[Black "Sciortino, Massimo"]
[Result "1-0"]
[WhiteElo "2243"]
[BlackElo "2155"]
[PlyCount "71"]
[EventDate "2001.05.18"]

1. d4 f5 2. g3 Nf6 3. Bg2 e6 4. Nf3 Be7 5. O-O O-O 6. c4 d6 7. Nc3 Qe8 8. Re1
Ne4 9. Qc2 Qg6 10. b3 a5 11. Bb2 Nc6 12. a3 Bd7 13. e3 Ng5 14. Nxg5 Bxg5 15. d5
exd5 16. cxd5 Ne7 17. Ne2 c5 18. dxc6 bxc6 19. Red1 Kh8 20. h4 Bh6 21. h5 Qe6
22. Nf4 Bxf4 23. gxf4 d5 24. Kh2 h6 25. Rg1 Rg8 26. Bh3 Qf7 27. Rg3 Kh7 28.
Rag1 g6 29. Qc3 g5 30. fxg5 Rxg5 31. Rxg5 hxg5 32. Rxg5 Rg8 33. Qe5 d4 34. Bxd4
Nd5 35. Rxg8 Qxg8 36. Bxf5+ 1-0

[Event "V Festival Magistrale"]
[Site "Salsomaggiore Terme ITA"]
[Date "2001.05.??"]
[Round "5"]
[White "Nelli, Luca"]
[Black "Raineri, Valerio"]
[Result "1-0"]
[WhiteElo "2184"]
[BlackElo "2098"]
[PlyCount "59"]
[EventDate "2001.05.18"]

1. c4 Nf6 2. Nc3 g6 3. g3 Bg7 4. Bg2 d6 5. Nf3 e5 6. O-O c5 7. Rb1 Nc6 8. a3
Bf5 9. d3 Qd7 10. Re1 O-O 11. b4 b6 12. b5 Ne7 13. Nh4 Rad8 14. Nxf5 Nxf5 15.
Bb2 Ne7 16. a4 d5 17. cxd5 Nfxd5 18. Nxd5 Nxd5 19. Qb3 Rfe8 20. a5 Qe6 21. axb6
axb6 22. Ra1 Nb4 23. Qxe6 Rxe6 24. Ra7 e4 25. Bxg7 exd3 26. Bc3 dxe2 27. Bf3
Nd3 28. Rxe2 Rxe2 29. Bxe2 Nc1 30. Bc4 1-0

[Event "V Festival Magistrale"]
[Site "Salsomaggiore Terme ITA"]
[Date "2001.05.??"]
[Round "5"]
[White "Pipitone, Antonio"]
[Black "Di Lazzaro, Gabriele"]
[Result "1-0"]
[WhiteElo "2036"]
[BlackElo "1975"]
[PlyCount "72"]
[EventDate "2001.05.18"]

1. e4 g6 2. d4 Bg7 3. Nf3 d6 4. Be2 c6 5. Nc3 Nd7 6. O-O Qc7 7. Be3 Ngf6 8. h3
O-O 9. Qd2 b5 10. a3 a6 11. Bh6 c5 12. Bxg7 Kxg7 13. Qe3 e5 14. d5 b4 15. Nb1
Rb8 16. b3 a5 17. Nbd2 Nb6 18. Nh2 Bb7 19. Ng4 Nxg4 20. hxg4 Qe7 21. g3 f5 22.
gxf5 gxf5 23. axb4 axb4 24. Ra7 Nc8 25. Ra2 f4 26. Qf3 fxg3 27. Qg4+ Kh8 28.
fxg3 Rg8 29. Qf3 Qg5 30. Kg2 Ne7 31. Qf6+ Qg7 32. Nc4 Nc8 33. Bh5 Qxf6 34. Rxf6
Kg7 35. Re6 Rd8 36. Ne3 Ra8 1-0

[Event "V Festival Magistrale"]
[Site "Salsomaggiore Terme ITA"]
[Date "2001.05.??"]
[Round "5"]
[White "Tencati, Giuseppe"]
[Black "Salami, Marco"]
[Result "1/2-1/2"]
[WhiteElo "2071"]
[BlackElo "2207"]
[PlyCount "87"]
[EventDate "2001.05.18"]

1. d4 f5 2. g3 Nf6 3. Bg2 g6 4. c3 Bg7 5. Nd2 d5 6. Qb3 c6 7. Nh3 Qb6 8. Qxb6
axb6 9. Nf4 Ne4 10. Nf3 e6 11. Nd3 c5 12. Bf4 Nc6 13. e3 Bd7 14. Be5 Nxe5 15.
Ndxe5 Bb5 16. Bf1 Bxf1 17. Rxf1 Ke7 18. Ke2 Rhc8 19. Nd3 Ra4 20. a3 Rca8 21.
Nd2 Nxd2 22. Kxd2 Kd6 23. f4 Kc6 24. Rae1 c4 25. Ne5+ Bxe5 26. fxe5 Rg8 27. Re2
Raa8 28. Ref2 Rg7 29. h3 h5 30. Rg2 Rh8 31. Rfg1 Rf7 32. Rf1 Rg7 33. Rfg1 g5
34. Rf1 Rhg8 35. Rff2 Kd7 36. Rf1 Ke7 37. Kc2 Rf7 38. Rfg1 Kf8 39. Rf1 Rgg7 40.
Rfg1 Kg8 41. Rf1 Kh7 42. Rfg1 Rg6 43. Rf1 Kg7 44. Rfg1 1/2-1/2

[Event "V Festival Magistrale"]
[Site "Salsomaggiore Terme ITA"]
[Date "2001.05.??"]
[Round "6"]
[White "Falbo, Sandro"]
[Black "Anceschi, Vittorio"]
[Result "1-0"]
[WhiteElo "2166"]
[BlackElo "2285"]
[PlyCount "113"]
[EventDate "2001.05.18"]

1. c4 Nf6 2. g3 g6 3. Bg2 Bg7 4. Nc3 d6 5. e4 e5 6. Nge2 Nc6 7. O-O O-O 8. h3
Be6 9. d3 Qd7 10. Kh2 a6 11. Be3 Rab8 12. Qd2 Ne8 13. Bh6 f5 14. Bxg7 Qxg7 15.
f3 Nf6 16. b3 Nh5 17. Rad1 Nd4 18. Nxd4 exd4 19. Ne2 c5 20. f4 Rbe8 21. Rde1
Qc7 22. Ng1 Ng7 23. Nf3 fxe4 24. dxe4 Bd7 25. Re2 Bc6 26. Ne1 b5 27. Nd3 Re7
28. Rfe1 Rfe8 29. g4 bxc4 30. bxc4 Qb7 31. e5 Bxg2 32. Rxg2 Qc6 33. Rge2 d5 34.
Qc2 Rc7 35. Rf2 Qe6 36. f5 gxf5 37. Nf4 Qh6 38. g5 Qxg5 39. Nxd5 Qd8 40. Nf6+
Kh8 41. Nxe8 Qxe8 42. e6 Re7 43. Rfe2 Qb8+ 44. Kh1 Qg3 45. Qd2 Nh5 46. Rg2
Qxh3+ 47. Kg1 Qc3 48. Qe2 Qe3+ 49. Qxe3 dxe3 50. Rxe3 Ng7 51. Re5 f4 52. Rxc5
Rxe6 53. Rc8+ Ne8 54. Kf2 h6 55. Kf3 Kh7 56. Kxf4 Re1 57. c5 1-0

[Event "V Festival Magistrale"]
[Site "Salsomaggiore Terme ITA"]
[Date "2001.05.??"]
[Round "6"]
[White "Gerardi, Saverio"]
[Black "Gagliardi, Christian"]
[Result "1/2-1/2"]
[WhiteElo "2190"]
[BlackElo "2106"]
[PlyCount "51"]
[EventDate "2001.05.18"]

1. e4 c5 2. Nf3 d6 3. d4 cxd4 4. Nxd4 Nf6 5. Nc3 a6 6. Be2 e5 7. Nb3 Be7 8. a4
b6 9. O-O Qc7 10. f4 Nbd7 11. f5 Bb7 12. Bf3 Rc8 13. Be3 Qb8 14. Qe1 O-O 15.
Rd1 Rfe8 16. Kh1 Qa8 17. Bg1 Bf8 18. Rf2 d5 19. exd5 Bb4 20. Re2 e4 21. Bxe4
Nxe4 22. Rxe4 Rxe4 23. Qxe4 Bxc3 24. bxc3 Nf6 25. Qe5 Re8 26. Qg3 1/2-1/2

[Event "V Festival Magistrale"]
[Site "Salsomaggiore Terme ITA"]
[Date "2001.05.??"]
[Round "6"]
[White "Naumkin, Igor"]
[Black "Scalcione, Michelangelo"]
[Result "1-0"]
[WhiteElo "2446"]
[BlackElo "2177"]
[PlyCount "67"]
[EventDate "2001.05.18"]

1. d4 Nf6 2. Nf3 g6 3. c4 Bg7 4. Nc3 d6 5. e4 O-O 6. Be2 e5 7. d5 a5 8. Bg5 h6
9. Bh4 Na6 10. O-O Bd7 11. Nd2 Qe8 12. b3 Nh7 13. a3 f5 14. exf5 gxf5 15. Bh5
Qc8 16. Be7 Re8 17. Bxe8 Qxe8 18. Bh4 e4 19. Rc1 Nc5 20. Rc2 Kh8 21. Ne2 Be5
22. f3 e3 23. f4 Bg7 24. Nf3 Nxb3 25. Be1 Ba4 26. Bc3 Nf6 27. Ng3 Nc5 28. Re1
Nce4 29. Rxe3 Qd7 30. Bxf6 Bxf6 31. Nxe4 fxe4 32. Rxe4 Re8 33. Rxe8+ Qxe8 34.
Re2 1-0

[Event "V Festival Magistrale"]
[Site "Salsomaggiore Terme ITA"]
[Date "2001.05.??"]
[Round "6"]
[White "Ortega, Lexy"]
[Black "Georgiev, Vladimir"]
[Result "1/2-1/2"]
[WhiteElo "2487"]
[BlackElo "2592"]
[PlyCount "23"]
[EventDate "2001.05.18"]

1. d4 d5 2. c4 c6 3. cxd5 cxd5 4. Nf3 Nf6 5. Nc3 Nc6 6. Bf4 a6 7. e3 Bg4 8. Bd3
e6 9. h3 Bxf3 10. Qxf3 Bd6 11. Bxd6 Qxd6 12. O-O 1/2-1/2

[Event "V Festival Magistrale"]
[Site "Salsomaggiore Terme ITA"]
[Date "2001.05.??"]
[Round "6"]
[White "Scharrer, Patrick"]
[Black "Di Lazzaro, Gabriele"]
[Result "1-0"]
[WhiteElo "2079"]
[BlackElo "1975"]
[PlyCount "73"]
[EventDate "2001.05.18"]

1. e4 g6 2. d4 Bg7 3. Nf3 d6 4. Nc3 c6 5. Be3 b5 6. Bd3 Nd7 7. O-O a6 8. Ne2
Ngf6 9. h3 c5 10. c3 O-O 11. Nd2 Bb7 12. f4 cxd4 13. cxd4 e5 14. fxe5 dxe5 15.
d5 Qe7 16. Nb3 Rac8 17. Qd2 Rc7 18. Rac1 Rfc8 19. Rxc7 Rxc7 20. Rc1 Rxc1+ 21.
Nexc1 Bf8 22. Na5 Ba8 23. a3 Nc5 24. Qc2 Nxd3 25. Qxd3 Qc7 26. b4 Nd7 27. Ncb3
Kg7 28. g4 Bd6 29. Qd2 Qd8 30. Nc5 Qc8 31. Qf2 Nb6 32. Bg5 Nd7 33. Nxd7 Qxd7
34. Qf6+ Kg8 35. Bh6 Qa7+ 36. Kg2 Bf8 37. Qd8 1-0

[Event "V Festival Magistrale"]
[Site "Salsomaggiore Terme ITA"]
[Date "2001.05.??"]
[Round "6"]
[White "Sciortino, Massimo"]
[Black "Tencati, Giuseppe"]
[Result "1-0"]
[WhiteElo "2155"]
[BlackElo "2071"]
[PlyCount "57"]
[EventDate "2001.05.18"]

1. e4 e6 2. d4 d5 3. Nc3 Nf6 4. Bg5 Be7 5. e5 Nfd7 6. Bxe7 Qxe7 7. f4 a6 8. Nf3
c5 9. dxc5 Qxc5 10. Bd3 Nc6 11. Qd2 b5 12. a3 Nb6 13. Ne2 Bd7 14. b4 Qe7 15.
O-O O-O 16. Ned4 Rfc8 17. Nxc6 Rxc6 18. Nd4 Rc7 19. Qe2 f5 20. exf6 gxf6 21.
Rae1 Re8 22. Nf5 Qf8 23. Nh4 Bc8 24. Nf5 Bd7 25. Nd4 Bc8 26. Qh5 Qf7 27. Bxh7+
Qxh7 28. Qxe8+ Kg7 29. Rf3 1-0

[Event "V Festival Magistrale"]
[Site "Salsomaggiore Terme ITA"]
[Date "2001.05.??"]
[Round "6"]
[White "Tomasi, Diego"]
[Black "Miatello, Alberto"]
[Result "1-0"]
[WhiteElo "2042"]
[BlackElo "1869"]
[PlyCount "45"]
[EventDate "2001.05.18"]

1. e4 c5 2. d4 cxd4 3. c3 dxc3 4. Nxc3 Nc6 5. Bc4 e6 6. Nf3 a6 7. O-O Nge7 8.
Qe2 b5 9. Bb3 Ng6 10. Rd1 Qc7 11. Be3 Bd6 12. Rac1 Qb8 13. Qd2 Bf4 14. Nxb5
axb5 15. Rxc6 Bxe3 16. fxe3 O-O 17. Rd6 Qb7 18. Qd4 Ra6 19. Rxa6 Qxa6 20. Ne5
Nxe5 21. Qxe5 Qc6 22. Rd6 Qc7 23. Qd4 1-0

[Event "I Festival A"]
[Site "Savigliano ITA"]
[Date "2001.05.??"]
[Round "?"]
[White "Lalic, Bogdan"]
[Black "Scarenzio, Renato"]
[Result "1-0"]
[WhiteElo "2501"]
[BlackElo "2107"]
[PlyCount "103"]
[EventDate "2001.05.17"]

1. d4 d5 2. c4 c6 3. Nf3 Nf6 4. e3 Bf5 5. Nc3 e6 6. Nh4 Bg4 7. Qb3 Qc7 8. h3
Bh5 9. g4 Bg6 10. Nxg6 hxg6 11. g5 Nfd7 12. Bd2 Bd6 13. O-O-O a5 14. c5 Be7 15.
e4 b6 16. cxb6 Nxb6 17. Kb1 a4 18. Qc2 a3 19. b3 dxe4 20. Nxe4 Rh4 21. Bg2 Nd5
22. Qd3 Bd6 23. Rhe1 Nd7 24. Rc1 Bh2 25. Rc2 Qb6 26. Rc4 Kf8 27. Rec1 Rc8 28.
Ra4 Nf4 29. Qf3 Nxg2 30. Qxg2 Qb5 31. f3 Bc7 32. Rac4 Nb6 33. Rxc6 Qd3+ 34.
R1c2 Nd5 35. Bc1 Kg8 36. Bxa3 Rf4 37. Qe2 Rxf3 38. Qxd3 Rxd3 39. Bd6 Rd1+ 40.
Rc1 Rxd4 41. R6c4 Rxc4 42. Rxc4 f5 43. gxf6 gxf6 44. Nc3 Nxc3+ 45. Rxc3 Bxd6
46. Rxc8+ Kf7 47. a4 Ke7 48. a5 Kd7 49. Rg8 g5 50. a6 Bc5 51. b4 Bb6 52. a7 1-0

[Event "I Festival A"]
[Site "Savigliano ITA"]
[Date "2001.05.??"]
[Round "?"]
[White "Sarno, Spartaco"]
[Black "Safranska, Anda"]
[Result "1/2-1/2"]
[WhiteElo "2407"]
[BlackElo "2337"]
[PlyCount "71"]
[EventDate "2001.05.17"]

1. c4 Nf6 2. Nf3 g6 3. g3 Bg7 4. Bg2 d6 5. Nc3 O-O 6. O-O Nc6 7. d3 e5 8. Rb1
a5 9. a3 h6 10. b4 axb4 11. axb4 Be6 12. b5 Ne7 13. Qc2 Qd7 14. Rd1 Rad8 15.
Bb2 b6 16. Ra1 g5 17. Ra7 Rc8 18. d4 e4 19. Nd2 e3 20. fxe3 Ng4 21. Qd3 d5 22.
cxd5 Nxd5 23. Nxd5 Bxd5 24. Bxd5 Qxd5 25. e4 Qd7 26. Nf3 f5 27. e5 f4 28. d5
Qe8 29. d6 Qh5 30. d7 Rcd8 31. e6 fxg3 32. e7 Qh3 33. Qd5+ Kh7 34. Qe4+ Kg8 35.
Qd5+ Kh7 36. Qe4+ 1/2-1/2

[Event "I Festival A"]
[Site "Savigliano ITA"]
[Date "2001.05.??"]
[Round "?"]
[White "Scarenzio, Renato"]
[Black "Ljubisavljevic, Zivojin Z."]
[Result "1-0"]
[WhiteElo "2107"]
[BlackElo "2250"]
[PlyCount "76"]
[EventDate "2001.05.17"]

1. d4 Nf6 2. c4 e6 3. Nc3 Bb4 4. Qc2 c5 5. dxc5 Na6 6. a3 Bxc3+ 7. Qxc3 Nxc5 8.
b4 Nce4 9. Qd4 d5 10. c5 b6 11. f3 bxc5 12. bxc5 O-O 13. fxe4 Nxe4 14. Nf3 f6
15. Nd2 e5 16. Qb4 Bf5 17. Nxe4 Bxe4 18. e3 f5 19. Qd2 f4 20. exf4 exf4 21. Bb2
Rb8 22. Bd4 f3 23. Rg1 Rb7 24. gxf3 Bxf3 25. Rg5 Re7+ 26. Kf2 g6 27. Bd3 Be4+
28. Kg1 Rf3 29. Bxe4 dxe4 30. Qa2+ Kf8 31. Rd5 Rd7 32. Rxd7 Qxd7 33. Be5 e3 34.
Qg2 Rf5 35. Qe4 Qd2 36. Bd6+ Kg7 37. Bg3 Rg5 38. Qe7+ Kh6 1-0

[Event "C.to Regionale Veneto"]
[Site "Arqua' Petrarca ITA"]
[Date "2001.05.05"]
[Round "1"]
[White "Ballarin, Gabriele"]
[Black "Pesco, Giuseppe"]
[Result "1/2-1/2"]
[WhiteElo "1570"]
[BlackElo "1959"]
[PlyCount "76"]
[EventDate "2001.05.05"]

1.e4 d6 2.d4 Nf6 3.Bd3 g6 4.c4 Bg7 5.Nc3 Nc6 6.Nge2 e5 7.d5 Ne7 8.f3 c6 9.
Be3 cxd5 10.Nxd5 Nfxd5 11.cxd5 Bd7 12.Qd2 f5 13.O-O-O f4 14.Bf2 a5 15.h4 
b5 16.h5 g5 17.g3 h6 18.Rdg1 O-O 19.gxf4 exf4 20.Bd4 Bxd4 21.Nxd4 Qb6 22.
Ne2 Qe3 23.Qxe3 fxe3 24.Rg3 Rae8 25.f4 g4 26.Rhg1 Kh8 27.f5 Ng8 28.Nf4 
Rc8+ 29.Kb1 Nf6 30.Ng6+ Kg7 31.Nxf8 Kxf8 32.Rxe3 Be8 33.Rh1 Bxh5 34.Bxb5 
Kg7 35.Bc6 Bf7 36.Rh4 h5 37.e5 dxe5 38.Rxe5 Kh6 1/2-1/2

[Event "C.to Regionale Veneto"]
[Site "Arqua' Petrarca ITA"]
[Date "2001.05.05"]
[Round "1"]
[White "Bracaglia, Carlo"]
[Black "Quaranta, Gaetano"]
[Result "1-0"]
[WhiteElo "2126"]
[BlackElo "1621"]
[PlyCount "73"]
[EventDate "2001.05.05"]

1.e4 e5 2.Nf3 Nc6 3.Nc3 Nf6 4.d4 exd4 5.Nxd4 d6 6.Bc4 g6 7.O-O Bg7 8.h3 
Nxd4 9.Qxd4 O-O 10.Qd3 b6 11.Bg5 Bb7 12.f4 Qe8 13.Rae1 Qc6 14.Kh2 a6 15.
Bxf6 Bxf6 16.Bd5 Qc5 17.Bxb7 Rae8 18.Bxa6 Qb4 19.Nd5 Qxb2 20.Nxf6+ Qxf6 
21.Bc4 Re7 22.e5 dxe5 23.fxe5 Qh4 24.e6 f5 25.Bb3 Qb4 26.Rd1 c5 27.Qc4 
Qxc4 28.Bxc4 b5 29.Bxb5 Ra8 30.Rd7 Kf8 31.Rxe7 Kxe7 32.Bc4 Ra4 33.Bd5 c4 
34.Rb1 Ra7 35.Bxc4 Rc7 36.Bd5 Kd6 37.c4 1-0

[Event "C.to Regionale Veneto"]
[Site "Arqua' Petrarca ITA"]
[Date "2001.05.05"]
[Round "1"]
[White "Giuriato, Sergio"]
[Black "Luciani, Valerio"]
[Result "0-1"]
[WhiteElo "1767"]
[BlackElo "2130"]
[PlyCount "88"]
[EventDate "2001.05.05"]

1.d4 f5 2.Nf3 Nf6 3.g3 g6 4.Bg2 Bg7 5.O-O O-O 6.c4 d6 7.Nc3 c6 8.d5 e5 9.
dxe6 Bxe6 10.Qd3 Na6 11.Rd1 Nc5 12.Qxd6 Qxd6 13.Rxd6 Bxc4 14.Bf4 Nfe4 15.
Nxe4 Nxe4 16.Rd7 Rf7 17.Rad1 Re8 18.Rxf7 Kxf7 19.Rd7+ Re7 20.Ne5+ Bxe5 21.
Rxe7+ Kxe7 22.Bxe5 Bxa2 23.g4 Be6 24.h4 Nd2 25.gxf5 Bxf5 26.f3 Nc4 27.Bd4 
b6 28.e4 Be6 29.Kf2 c5 30.Bc3 b5 31.f4 b4 32.Bg7 a5 33.Ke2 a4 34.Kd3 a3 
35.bxa3 b3 36.Bf3 Nxa3 37.h5 Nb5 38.hxg6 hxg6 39.Bd1 c4+ 40.Kd2 Kd6 41.Be2
Kc5 42.Bf8+ Kd4 43.Bf3 c3+ 44.Kc1 Ke3 0-1

[Event "C.to Regionale Veneto"]
[Site "Arqua' Petrarca ITA"]
[Date "2001.05.05"]
[Round "1"]
[White "Navarro, Stefano"]
[Black "Cacco, Christian"]
[Result "0-1"]
[WhiteElo "1900"]
[BlackElo "2257"]
[PlyCount "60"]
[EventDate "2001.05.05"]

1.e4 c6 2.d4 d6 3.f4 Nf6 4.Nc3 g6 5.Bd3 Bg7 6.Nf3 b5 7.O-O b4 8.Ne2 O-O 9.
c3 a5 10.a3 bxc3 11.Nxc3 Na6 12.b4 Nc7 13.b5 cxb5 14.Nxb5 Nxb5 15.Bxb5 Bb7
16.e5 Ne4 17.Bd3 Bd5 18.Re1 f5 19.Bxe4 fxe4 20.Ng5 Qb6 21.Be3 h6 22.Rb1 
Qc6 23.Nh3 Bc4 24.d5 Qxd5 25.Qxd5+ Bxd5 26.Red1 e6 27.exd6 Rfd8 28.Rb6 Bf8
29.Nf2 Bxd6 30.Nxe4 Bc7 0-1

[Event "C.to Regionale Veneto"]
[Site "Arqua' Petrarca ITA"]
[Date "2001.05.05"]
[Round "1"]
[White "Opacic, Alexandar"]
[Black "Meggiorin, Orlando"]
[Result "1-0"]
[WhiteElo "1921"]
[BlackElo "1600"]
[PlyCount "75"]
[EventDate "2001.05.05"]

1.e4 e6 2.d4 d5 3.Nc3 Bb4 4.e5 c5 5.a3 Bxc3+ 6.bxc3 cxd4 7.cxd4 Nc6 8.Bd3 
Nge7 9.Qg4 Ng6 10.c3 O-O 11.h4 f5 12.Qh3 Rf7 13.Nf3 h6 14.Qg3 Kh7 15.Ng5+ 
hxg5 16.hxg5+ Kg8 17.Qh3 Nce7 18.a4 Kf8 19.Ba3 Ke8 20.Qh7 a6 21.Bxe7 Nxe7 
22.g6 Rf8 23.Qxg7 Kd7 24.Rh7 b6 25.Rb1 Re8 26.Qf6 Bb7 27.Kd2 Rf8 28.Qg5 
Re8 29.Rf7 Bc6 30.Rh1 Kc8 31.Rhh7 Ra7 32.Qf6 Qd7 33.g7 Ng8 34.Rxd7 Nxf6 
35.exf6 Rxd7 36.Rh8 Rdd8 37.Rxe8 Rxe8 38.f7 1-0

[Event "C.to Regionale Veneto"]
[Site "Arqua' Petrarca ITA"]
[Date "2001.05.05"]
[Round "1"]
[White "Pechy, Alaster"]
[Black "Zotti, Enrico"]
[Result "1/2-1/2"]
[WhiteElo "1615"]
[BlackElo "2082"]
[PlyCount "77"]
[EventDate "2001.05.05"]

1.d4 Nf6 2.c4 g6 3.Nc3 Bg7 4.e4 d6 5.f3 Nc6 6.Be3 O-O 7.Bd3 e5 8.d5 Nd4 9.
Nge2 Nd7 10.Qd2 Nc5 11.Bb1 Bh3 12.O-O Nxe2+ 13.Nxe2 Bd7 14.b4 Na4 15.Bc2 
b6 16.c5 bxc5 17.Bxa4 Bxa4 18.bxc5 Bb5 19.c6 f5 20.Rfb1 Bxe2 21.Qxe2 fxe4 
22.fxe4 Qh4 23.Rb4 a5 24.Ra4 Bh6 25.Bf2 Qf4 26.g3 Qf3 27.Qxf3 Rxf3 28.Kg2 
Raf8 29.Bg1 Bd2 30.Rb1 g5 31.Rb2 Be1 32.Re2 Rf1 33.Ra3 g4 34.Rae3 Bb4 35.
Rf2 Rxg1+ 36.Kxg1 Rxf2 37.Kxf2 Bc5 38.Ke2 Bxe3 39.Kxe3 {...} 1/2-1/2

[Event "C.to Regionale Veneto"]
[Site "Arqua' Petrarca ITA"]
[Date "2001.05.05"]
[Round "1"]
[White "Piva, Giorgio"]
[Black "Dal Zovo, Claudio"]
[Result "1-0"]
[WhiteElo "2142"]
[BlackElo "1768"]
[PlyCount "103"]
[EventDate "2001.05.05"]

1.d4 Nf6 2.Bg5 e6 3.e3 Be7 4.Bd3 c5 5.Nd2 b6 6.Ngf3 Bb7 7.Qe2 d6 8.O-O 
Nbd7 9.a4 O-O 10.a5 Re8 11.Ra2 Qc7 12.Rfa1 h6 13.Bh4 Nd5 14.Bxe7 Nxe7 15.
c3 e5 16.dxe5 Nxe5 17.Nxe5 dxe5 18.Ba6 Ng6 19.Bxb7 Qxb7 20.axb6 axb6 21.
Qb5 Rab8 22.f3 Re6 23.Ne4 Ne7 24.Ra7 Qd5 25.Rd7 Qc6 26.Qd3 Nc8 27.Rd8+ Re8
28.Rd1 Kf8 29.g4 Rb7 30.Kf2 Re7 31.Ng3 Rxd8 32.Qxd8+ Re8 33.Qd3 g6 34.Ne4 
Kg7 35.h4 Qe6 36.Qd7 Qxd7 37.Rxd7 Re6 38.g5 hxg5 39.hxg5 Re8 40.Nf6 Rf8 
41.Ke2 Rh8 42.Kd3 Rh2 43.Ke4 Rxb2 44.Rd8 Ne7 45.Re8 Ra2 46.Rxe7 Ra8 47.Rb7
Rh8 48.Rxb6 Rc8 49.Kxe5 Kf8 50.Rb8 Rxb8 51.Nd7+ Ke7 52.Nxb8 1-0

[Event "C.to Regionale Veneto"]
[Site "Arqua' Petrarca ITA"]
[Date "2001.05.05"]
[Round "1"]
[White "Quaranta, Cristiano"]
[Black "Guclu, Yaman"]
[Result "0-1"]
[WhiteElo "1504"]
[BlackElo "1900"]
[PlyCount "64"]
[EventDate "2001.05.05"]

1.d4 Nf6 2.Bg5 c5 3.Bxf6 gxf6 4.d5 d6 5.e3 Qb6 6.Qc1 Bg7 7.Nc3 Nd7 8.g3 a6
9.Bg2 Ne5 10.Nge2 Qa5 11.O-O f5 12.a4 Bd7 13.Rd1 Rb8 14.Qb1 Qc7 15.Qa2 O-O
16.Rdb1 b5 17.axb5 axb5 18.Qa7 Qc8 19.Qa6 Ra8 20.Qb6 Qb8 21.Qxb8 Rfxb8 22.
Nc1 b4 23.Nd1 Nc4 24.Nd3 Nd2 25.Rc1 b3 26.c3 Bb5 27.Nf4 Ra2 28.Bh3 Rba8 
29.Rab1 Nxb1 30.Rxb1 Ra1 31.Bxf5 Rxb1 32.Bxb1 Ra1 0-1

[Event "C.to Regionale Veneto"]
[Site "Arqua' Petrarca ITA"]
[Date "2001.05.05"]
[Round "1"]
[White "Radulescu, Gheorghe"]
[Black "Sanavio, Giancarlo"]
[Result "0-1"]
[WhiteElo "1917"]
[BlackElo "1570"]
[PlyCount "80"]
[EventDate "2001.05.05"]

1.d4 c5 2.Nf3 Nf6 3.Bg5 cxd4 4.Nxd4 Ne4 5.Be3 Nc6 6.Nd2 Nf6 7.N2b3 e5 8.
Nb5 d5 9.Bg5 Be6 10.Bxf6 gxf6 11.e3 a6 12.Nc3 d4 13.exd4 exd4 14.Ne4 f5 
15.Ned2 Qd5 16.a3 Bg7 17.Rb1 O-O 18.Qf3 Qe5+ 19.Kd1 a5 20.Bd3 Bd5 21.Qxf5 
Qxf5 22.Bxf5 Rfe8 23.f3 Re5 24.Bd3 Rae8 25.Nc4 Bxc4 26.Bxc4 a4 27.Nd2 Ne7 
28.g4 Ng6 29.Ne4 b5 30.Bd3 Nf4 31.Bf1 Nd5 32.h4 Ne3+ 33.Kd2 Nxg4 34.fxg4 
Rxe4 35.Bxb5 R8e5 36.Bd3 Rxg4 37.Rbg1 h5 38.Rf1 Bh6+ 39.Kd1 Kg7 40.Be2 
Rge4 $138 0-1

[Event "C.to Regionale Veneto"]
[Site "Arqua' Petrarca ITA"]
[Date "2001.05.05"]
[Round "1"]
[White "Rossato, Armando"]
[Black "Rigo, Gianfrancesco"]
[Result "0-1"]
[WhiteElo "2203"]
[BlackElo "1870"]
[PlyCount "100"]
[EventDate "2001.05.05"]

1.d4 e6 2.Nc3 b6 3.e4 Bb7 4.Bd3 Bb4 5.Nf3 Ne7 6.a3 Bxc3+ 7.bxc3 Ng6 8.O-O 
O-O 9.c4 d6 10.Qe2 Nd7 11.Ng5 e5 12.c3 Qe7 13.Nh3 Rae8 14.Re1 Nf6 15.d5 
Bc8 16.Qf3 Nh4 17.Qg3 Nh5 18.Qe3 Qf6 19.Be2 Qg6 20.Qg5 Bxh3 21.gxh3 Qxe4 
22.Bd2 Nf4 23.Bxf4 Qxf4 24.Qg3 Rc8 25.Bg4 g5 26.Qxf4 exf4 27.Bxc8 Nf3+ 28.
Kf1 Nxe1 29.Rxe1 Rxc8 30.Re7 Kf8 31.Re2 c6 32.Rd2 Ke7 33.Rc2 cxd5 34.cxd5 
Rc4 35.Ke2 Kf6 36.Kd3 b5 37.f3 Ra4 38.Ra2 Ke5 39.Rg2 h6 40.h4 gxh4 41.Rg7 
Rxa3 42.Rxf7 b4 43.Rh7 Rxc3+ 44.Kd2 a5 45.Rxh6 a4 46.Rh5+ Kd4 47.Rxh4 Rxf3
48.Rh8 Rf2+ 49.Ke1 Rb2 50.h4 a3 0-1

[Event "C.to Regionale Veneto"]
[Site "Arqua' Petrarca ITA"]
[Date "2001.05.05"]
[Round "1"]
[White "Solinas, Carlo"]
[Black "Spinoso, Giovanni"]
[Result "1-0"]
[WhiteElo "2045"]
[BlackElo "1452"]
[PlyCount "69"]
[EventDate "2001.05.05"]

1.e4 c5 2.d4 cxd4 3.c3 e6 4.Nf3 Be7 5.cxd4 Nf6 6.Nc3 O-O 7.Bd3 d6 8.O-O a6
9.Qe2 Nc6 10.e5 Ne8 11.Qe4 g6 12.Bh6 d5 13.Qf4 Ng7 14.Qd2 Bd7 15.Rac1 Rc8 
16.Rfe1 Re8 17.Qf4 Rf8 18.Qg3 Re8 19.h4 Nh5 20.Qh3 Nb4 21.Bb1 Ng7 22.g4 
Nc6 23.h5 Rf8 24.Kg2 f5 25.hxg6 hxg6 26.gxf5 exf5 27.e6 Bxe6 28.Bxg7 Kxg7 
29.Rxe6 Rh8 30.Qg3 Rg8 31.Bxf5 Kf7 32.Rxg6 Nxd4 33.Nxd4 Bh4 34.Be6+ Ke7 
35.Qxh4+ 1-0

[Event "C.to Regionale Veneto"]
[Site "Arqua' Petrarca ITA"]
[Date "2001.05.05"]
[Round "1"]
[White "Vianello, Enrico"]
[Black "Ventura, Sergio"]
[Result "1-0"]
[WhiteElo "1858"]
[BlackElo "2192"]
[PlyCount "81"]
[EventDate "2001.05.05"]

1.d4 g6 2.Nf3 Bg7 3.c3 f5 4.Bf4 Nf6 5.Nbd2 d6 6.Qb3 e6 7.e3 O-O 8.Be2 Qe7 
9.h4 Nbd7 10.O-O-O Ng4 11.Bg3 Ndf6 12.Ne1 a5 13.Nd3 a4 14.Qc2 Bd7 15.Rhe1 
Bc6 16.Bf3 d5 17.Ne5 Rfb8 18.Be2 Nxe5 19.Bxe5 b5 20.a3 Be8 21.f3 Bh6 22.
Bd3 Rb6 23.Kb1 Qd8 24.e4 b4 25.axb4 a3 26.b3 dxe4 27.fxe4 a2+ 28.Ka1 Ng4 
29.Nc4 Nxe5 30.Nxe5 Bg7 31.Nc4 Rxb4 32.exf5 exf5 33.Ne5 Rbb8 34.Bc4+ Kf8 
35.g4 Qf6 36.gxf5 Rd8 37.fxg6 Bxg6 38.Nxg6+ Qxg6 39.Rf1+ Ke7 40.Qxg6 hxg6 
41.Rf7+ 1-0

[Event "C.to Regionale Veneto"]
[Site "Arqua' Petrarca ITA"]
[Date "2001.05.06"]
[Round "2"]
[White "Cacco, Christian"]
[Black "Solinas, Carlo"]
[Result "1-0"]
[WhiteElo "2257"]
[BlackElo "2045"]
[PlyCount "95"]
[EventDate "2001.05.05"]

1.d4 Nf6 2.Nf3 g6 3.g3 Bg7 4.Bg2 O-O 5.Nbd2 d6 6.O-O Nbd7 7.e4 e5 8.dxe5 
dxe5 9.b3 Re8 10.Qe2 Nh5 11.Rb1 Nf8 12.Rd1 Bd7 13.h3 Qc8 14.Kh2 Ne6 15.c3 
b5 16.Nf1 Bc6 17.Ng5 Qb7 18.Nxe6 fxe6 19.f3 a5 20.b4 axb4 21.cxb4 Nf6 22.
Rb3 Nd7 23.Rc3 Nb6 24.Ne3 Na4 25.Rc2 Rad8 26.h4 Rd4 27.a3 Red8 28.Bh3 R8d6
29.Re1 Kf7 30.Ng4 Rd3 31.Nf2 Nc3 32.Qxd3 Rxd3 33.Nxd3 Na4 34.Be3 Be8 35.
Rd1 Bf6 36.Bf2 c6 37.g4 Qc7 38.g5 Be7 39.Bg3 Bd6 40.Nf2 Nb6 41.Bf1 Be7 42.
Ng4 Nd7 43.Bxb5 Qa7 44.Bxc6 Kf8 45.Rd3 h5 46.gxh6 Nf6 47.Bxe8 Kxe8 48.Rc8+
1-0